000 00812cam a2200229 a 4500
001 000011659
005 20200929162522.0
008 790207s1973 mx a 000 0 spa d
040 _aDO-SdBNP
_bspa
_cLC
_dBNPHU
082 _a624.171
_bC352a
100 1 _aCastillo, Heberto,
_d1928-1997
_927627
245 1 0 _aAnálisis y diseño estructural /
_cHeberto Castillo.
260 _aMéxico :
_bRepresentaciones y Servicios de Ingeniería,
_c1973.
300 _axii, 749 p. :
_bil. ;
_c24 cm.
490 1 _aMétodos para el análisis de sistemas de ingeniería
_v5
650 4 _aTeoría de las estructuras
_927628
650 4 _aDiseño de estructuras
_927629
830 0 _aMétodos para el análisis de sistemas de ingeniería;
_v5
_927630
910 _aCatalogación por copia / LC
910 _aWM
049 _aBNGR
999 _c11347
_d11347